The Fearful Fifties Low : The History of The Decade /

Colección de caricaturas políticas del ilustrador David Low sobre los acontecimientos más importantes de los años 50's y que fueron publicadas en esa época por los periódicos Daily Herald, Manchester Guardian y New York Times.

Gespeichert in:
Bibliographische Detailangaben
1. Verfasser: Low, David (texto e il.)
Format: Buch
Sprache:Spanisch
Veröffentlicht: Nueva York, EUA : Simon and Schuster, 1960, c1960
Schlagworte:
Tags: Tag hinzufügen
Keine Tags, Fügen Sie das erste Tag hinzu!

MARC

LEADER 00000nam^a2200000^a^4500
001 000183763
005 20250521000000.0
009 20260310102051.509
037 |a Acervo ITESO - Biblioteca 
041 |a ESP 
082 |a 741. 53  |b LOW 
100 |a Low, David  |e (texto e il.) 
245 1 4 |a The Fearful Fifties Low :  |b The History of The Decade /  |c Texto e il. D. Low. 
264 4 |a Nueva York, EUA :  |b Simon and Schuster,  |c 1960, c1960 
300 |a 191 p. 
336 |a texto  |b txt  |2 rdacontenido 
337 |a sin mediación  |b n  |2 rdamedio 
338 |a volumen  |b nc  |2 rdasoporte 
520 |a Colección de caricaturas políticas del ilustrador David Low sobre los acontecimientos más importantes de los años 50's y que fueron publicadas en esa época por los periódicos Daily Herald, Manchester Guardian y New York Times. 
649 |a XX 
650 |a Caricaturas Políticas -  |z EUA -  |x Historia -  |y 1950-1959 
650 |a Caricaturas Políticas -  |z Inglaterra -  |x Historia -  |y 1950-1959 
650 |a Historietas y Caricaturas de Temas Políticos y Sociales 
650 |a Ilustración (Diseño) 
650 |a Dibujo 
910 |a Fondo General 
920 |a Impresos - Libros 
930 |a Colección General 
905 |a 101 
901 |a 0500124272  |b IT1  |c ACC  |u 20250521 
902 |a https://opac.biblio.iteso.mx/vufind/Record/000183763